Cuentos + cuentos / (Registro nro. 993)
[ vista simple ]
| 000 -LEADER | |
|---|---|
| fixed length control field | 01805aam a2200361 a 4500 |
| 003 - CONTROL NUMBER IDENTIFIER | |
| control field | AR-RoUNCS |
| 005 - DATE AND TIME OF LATEST TRANSACTION | |
| control field | 20260505161650.0 |
| 007 - PHYSICAL DESCRIPTION FIXED FIELD--GENERAL INFORMATION | |
| fixed length control field | ta |
| 008 - FIXED-LENGTH DATA ELEMENTS--GENERAL INFORMATION | |
| fixed length control field | 131007s2009 ag |r 00| j spa |
| 020 ## - INTERNATIONAL STANDARD BOOK NUMBER | |
| International Standard Book Number | 978-987-1565-11-5 |
| 040 ## - CATALOGING SOURCE | |
| Original cataloging agency | AR-BaBN |
| Language of cataloging | spa |
| Transcribing agency | AR-RoUNCS |
| 041 1# - LANGUAGE CODE | |
| Language code of text/sound track or separate title | spa |
| Language code of original | eng |
| -- | ger |
| 080 ## - UNIVERSAL DECIMAL CLASSIFICATION NUMBER | |
| Universal Decimal Classification number | 82-34 |
| 245 00 - TITLE STATEMENT | |
| Title | Cuentos + cuentos / |
| Statement of responsibility, etc. | Hawthorne ... [et al.]. |
| 246 33 - VARYING FORM OF TITLE | |
| Title proper/short title | Cuentos más cuentos |
| 250 ## - EDITION STATEMENT | |
| Edition statement | 1a ed. |
| 260 ## - PUBLICATION, DISTRIBUTION, ETC. | |
| Place of publication, distribution, etc. | Ciudad Autónoma de Buenos Aires : |
| Name of publisher, distributor, etc. | Letra Impresa, |
| Date of publication, distribution, etc. | c2009. |
| 300 ## - PHYSICAL DESCRIPTION | |
| Extent | 110 p. ; |
| Dimensions | 20 cm. |
| 490 0# - SERIES STATEMENT | |
| Series statement | Generación Z. Antología ; |
| Volume/sequential designation | 1 |
| 505 0# - FORMATTED CONTENTS NOTE | |
| Title | El pan duro de esa bruja / |
| Statement of responsibility | O. Henry -- |
| Title | El pozo / |
| Statement of responsibility | Ricardo Güiraldes -- |
| Title | Las tres muertes de señor Higginbotham / |
| Statement of responsibility | Nathaniel Hawthorne -- |
| Title | La mendiga de Locarno / |
| Statement of responsibility | Heinrich von Kleist -- |
| Title | Los ladrones de cadáveres / |
| Statement of responsibility | Robet Louis Stevenson -- |
| Title | El nuevo acelerador / |
| Statement of responsibility | Herbert George Wells -- |
| Title | El hombre sin cuerpo / |
| Statement of responsibility | Edward Page Mitchell. |
| 520 3# - SUMMARY, ETC. | |
| Summary, etc. | Siete cuentos en los que el humor, el misterio, el terror van de la mano de ladrones de cadáveres, científicos locos, mujeres comunes y muy poco comunes, nobles y simples habitantes del campo o la ciudad. Siete cuentos de todo el mundo: alemanes, argentinos, estadounidenses e ingleses que atraviesan lo natural, lo sobrenatural y lo por venir. Siete cuentos difíciles de olvidar. |
| 650 #7 - SUBJECT ADDED ENTRY--TOPICAL TERM | |
| Topical term or geographic name entry element | Literatura |
| Source of heading or term | embne |
| 655 #7 - INDEX TERM--GENRE/FORM | |
| Source of term | embne |
| Genre/form data or focus term | Cuento |
| 700 1# - ADDED ENTRY--PERSONAL NAME | |
| Personal name | Henry, O., |
| Dates associated with a name | 1862-1910 |
| 700 1# - ADDED ENTRY--PERSONAL NAME | |
| Personal name | Güiraldes, Ricardo, |
| Dates associated with a name | 1886-1927 |
| 700 1# - ADDED ENTRY--PERSONAL NAME | |
| Personal name | Kleist, Heinrich von, |
| Dates associated with a name | 1777-1811. |
| 700 1# - ADDED ENTRY--PERSONAL NAME | |
| Personal name | Stevenson, Robert Louis, |
| Dates associated with a name | 1850-1894 |
| 700 1# - ADDED ENTRY--PERSONAL NAME | |
| Personal name | Wells, H. G. |
| Fuller form of name | (Herbert George), |
| Dates associated with a name | 1866-1946 |
| 700 1# - ADDED ENTRY--PERSONAL NAME | |
| Personal name | Mitchell, Edward Page, |
| Dates associated with a name | 1852-1927 |
| 700 1# - ADDED ENTRY--PERSONAL NAME | |
| Personal name | Pano, Juan Manuel |
| Relator term | tr. |
| 700 1# - ADDED ENTRY--PERSONAL NAME | |
| Personal name | Pizzi, Laura |
| Relator term | tr. |
| 942 ## - ADDED ENTRY ELEMENTS (KOHA) | |
| Source of classification or shelving scheme | Universal Decimal Classification |
| Koha item type | Obra General |
| Suppress in OPAC | No |
| Withdrawn status | Lost status | Source of classification or shelving scheme | Damaged status | Not for loan | Collection | Home library | Current library | Date acquired | Source of acquisition | Total checkouts | Full call number | Barcode | Date last seen | Copy number | Price effective from | Koha item type |
|---|---|---|---|---|---|---|---|---|---|---|---|---|---|---|---|---|
| Universal Decimal Classification | Colección General | Biblioteca Escuela de Ciencias Sociales | Biblioteca Escuela de Ciencias Sociales | 16/04/2026 | Donación 2023 | 82-34 C965 | 000117 | 16/04/2026 | Ej. 1 | 16/04/2026 | Obra General | |||||
| Universal Decimal Classification | Colección General | Biblioteca Escuela de Ciencias Sociales | Biblioteca Escuela de Ciencias Sociales | 16/04/2026 | Donación 2023 | 82-34 C965 | 000121 | 16/04/2026 | Ej. 2 | 16/04/2026 | Obra General |